Как в человеке распознать преступника? : (Record no. 280662)
[ view plain ]
| 000 -LEADER | |
|---|---|
| fixed length control field | 01046nam a2200229 u 4500 |
| 001 - CONTROL NUMBER | |
| control field | 000762221 |
| 003 - CONTROL NUMBER IDENTIFIER | |
| control field | AM-YeHGA |
| 005 - DATE AND TIME OF LATEST TRANSACTION | |
| control field | 20250617143736.0 |
| 008 - FIXED-LENGTH DATA ELEMENTS--GENERAL INFORMATION | |
| fixed length control field | 101001s2008 ||| r 000 0 rus d |
| 020 ## - INTERNATIONAL STANDARD BOOK NUMBER | |
| Canceled/invalid ISBN | 978-5-17-050496-1 (АСТ) |
| 020 ## - INTERNATIONAL STANDARD BOOK NUMBER | |
| Canceled/invalid ISBN | 978-5-271-19709-3 (Астрель) |
| 020 ## - INTERNATIONAL STANDARD BOOK NUMBER | |
| Canceled/invalid ISBN | 978-5-226-00591-6 (ВКТ) |
| 040 ## - CATALOGING SOURCE | |
| Original cataloging agency | AM-YeHGA |
| 041 0# - LANGUAGE CODE | |
| Language code of text/sound track or separate title | rus |
| 090 ## - LOCALLY ASSIGNED LC-TYPE CALL NUMBER (OCLC); LOCAL CALL NUMBER (RLIN) | |
| -- | 282316 |
| 100 1# - MAIN ENTRY--PERSONAL NAME | |
| Personal name | Хигир, Борис Юзикович |
| Dates associated with a name | 1945- |
| 245 10 - TITLE STATEMENT | |
| Title | Как в человеке распознать преступника? : |
| Remainder of title | С помощью астрологии, хиромантии, физиогномики, тайны имени / |
| Statement of responsibility, etc. | Б. Хигир. |
| 260 ## - PUBLICATION, DISTRIBUTION, ETC. | |
| Place of publication, distribution, etc. | Москва : |
| Name of publisher, distributor, etc. | АСТ; |
| -- | Астрель ; |
| Place of publication, distribution, etc. | Владимир : |
| Name of publisher, distributor, etc. | ВКТ, |
| Date of publication, distribution, etc. | 2008. |
| 300 ## - PHYSICAL DESCRIPTION | |
| Extent | 540 с. : |
| Other physical details | ил., табл. |
| 653 0# - INDEX TERM--UNCONTROLLED | |
| Uncontrolled term | Психология - Устаревшие методы - Хиромантия |
| 653 0# - INDEX TERM--UNCONTROLLED | |
| Uncontrolled term | Криминология - Российская Федерация - Изучение личности преступника |
| Withdrawn status | Lost status | Damaged status | Not for loan | Collection | Home library | Current library | Date acquired | Shelving control number | Total checkouts | Full call number | Barcode | Date last seen | Price effective from | Koha item type | Public note |
|---|---|---|---|---|---|---|---|---|---|---|---|---|---|---|---|
| General | Fundamental Scientific Library | Fundamental Scientific Library | 29/12/2016 | PII/655197 | FL0150310 | 29/12/2016 | 29/12/2016 | Գրքեր / Books | 30 Days Loan |
ՀՀ Գիտությունների ազգային ակադեմիայի հիմնարար գիտական գրադարան = Fundamental Scientific Library of NAS RA
All site content, except where otherwise noted, is licensed under a